[Event "European School-ch 2019"]
[Site "Mamaia"]
[Date "2019.06.04"]
[Round "5.51"]
[White "Puia, Alexia-Teodora"]
[Black "Shuqja, Klean"]
[Result "0-1"]
[WhiteElo "1543"]
[BlackElo "1858"]
[Annotator "NA RC"]
[PlyCount "92"]
[EventDate "2019.05.31"]
[EventType "swiss"]
[EventCountry "ROU"]
[SourceTitle "playchess.com"]
[Source "ChessBase"]
[SourceQuality "1"]
[TimeControl "40/5400+30:1800+30"]

1. d4 {[%emt 0:00:00]} Nf6 {[%emt 0:00:00]} 2. c4 {[%emt 0:00:00]} g6 {[%emt 0:00:00]} 3. Nc3 {[%emt 0:00:00]} d5 {[%emt 0:00:00]} 4. Bg5 {[%emt 0:00:06]} Ne4 {[%emt 0:00:00]} 5. Bf4 {[%emt 0:00:06]} Nxc3 {[%emt 0:00:26]} 6. bxc3 {[%emt 0:00:05]} Bg7 {[%emt 0:00:26]} 7. Nf3 {[%emt 0:00:16]} c5 {[%emt 0:14:55]} 8. cxd5 {[%emt 0:00:47]} Qxd5 {[%emt 0:00:25]} 9. e3 {[%emt 0:00:22]} O-O {[%emt 0:00:32]} 10. Be2 {[%emt 0:00:22]} Nc6 {[%emt 0:00:43]} 11. O-O {[%emt 0:00:19] D91: Grünfeld: 4 Nf3 Bg7 5 Bg5} h6 {[%emt 0:13:11]} (11... cxd4 12. cxd4 Bf5 13. Qa4 Qa5 14. Qxa5 Nxa5 15. Rfc1 Rfc8 16. Rc7 Rxc7 17. Bxc7 Nc6 18. Nh4 Be6 19. Rb1 Bxa2 20. Rxb7 Bd5 {0-1 (61) Miljkovic,M (2524)-Vuckovic,B (2499) Belgrade 2014}) 12. Rc1 $146 {[%emt 0:01:49]} ({Predecessor:} 12. Bg3 b6 13. Qa4 Bb7 14. Qa3 cxd4 15. cxd4 Na5 16. Rad1 e6 17. Ne1 Rfc8 18. Bf3 Qd7 19. Bxb7 Qxb7 {0-1 (34) Wazeer Ahmad,K (1846)-Ramnathan,B (2164) Sonipat 2017}) 12... Qxa2 {[%emt 0:14:01]} 13. d5 {[%emt 0:11:18]} Rd8 {[%emt 0:07:20]} 14. e4 {[%emt 0:02:05]} e6 {[%emt 0:03:33]} 15. Bc7 {[%emt 0:05:23]} Rd7 {[%emt 0:03:14]} 16. d6 {[%emt 0:00:07]} c4 {[%emt 0:13:06]} 17. Nd2 {[%emt 0:06:44]} b5 {[%emt 0:01:23]} 18. f4 {[%emt 0:00:10]} Qa3 {[%emt 0:04:43]} 19. e5 {[%emt 0:05:23]} Qc5+ {[%emt 0:06:40]} 20. Kh1 {[%emt 0:00:17]} a5 {[%emt 0:04:24]} 21. Ne4 {[%emt 0:03:24]} Qe3 {[%emt 0:03:53]} 22. Bf3 {[%emt 0:02:39]} Bb7 {[%emt 0:04:46]} 23. Qe1 {[%emt 0:07:43]} Qxe1 {[%emt 0:02:12]} 24. Rfxe1 {[%emt 0:00:11]} Ne7 {[%emt 0:01:29]} 25. Rcd1 {[%emt 0:06:12]} Bxe4 {[%emt 0:00:22]} 26. Bxe4 {[%emt 0:00:39]} Nd5 {[%emt 0:00:39]} 27. Bxd5 {[%emt 0:00:06]} exd5 {[%emt 0:00:02]} 28. Rxd5 {[%emt 0:00:10]} b4 {[%emt 0:00:29]} 29. Rxa5 {[%emt 0:01:03]} Rxa5 {[%emt 0:00:06]} 30. Bxa5 {[%emt 0:00:04]} b3 {[%emt 0:01:21]} 31. Bc7 {[%emt 0:00:56]} g5 {[%emt 0:00:23]} 32. f5 {[%emt 0:00:32]} b2 {[%emt 0:00:42]} 33. f6 {[%emt 0:00:37]} Bf8 {[%emt 0:00:26]} 34. Rb1 {[%emt 0:00:05]} Kh7 {[%emt 0:00:19]} 35. Rxb2 {[%emt 0:00:06]} h5 {[%emt 0:00:39]} 36. Rb4 {[%emt 0:01:02]} Kg6 {[%emt 0:00:13]} 37. Rxc4 {[%emt 0:00:06]} Kf5 {[%emt 0:00:10]} 38. Rc5 {[%emt 0:00:26]} Ke4 {[%emt 0:01:01]} 39. Ra5 {[%emt 0:00:53]} g4 {[%emt 0:00:32]} 40. c4 {[%emt 0:00:00]} Bh6 {[%emt 0:00:00]} 41. e6 {[%emt 0:08:13]} fxe6 {[%emt 0:01:39]} 42. Rxh5 {[%emt 0:00:09]} Bf4 {[%emt 0:05:15]} 43. c5 {[%emt 0:05:08]} Rf7 {[%emt 0:05:40]} 44. Bd8 {[%emt 0:03:52]} Ra7 {[%emt 0:03:00]} 45. Kg1 {[%emt 0:05:04]} Be3+ {[%emt 0:04:23]} 46. Kf1 {[%emt 0:00:10]} Kd3 {[%emt 0:02:32]} 0-1

[Event "European School-ch 2019"]
[Site "Mamaia"]
[Date "2019.06.04"]
[Round "5.52"]
[White "Petrova, Elizaveta"]
[Black "Mamardashvili, Ana"]
[Result "1/2-1/2"]
[WhiteElo "1570"]
[BlackElo "1415"]
[Annotator "NA RC"]
[PlyCount "81"]
[EventDate "2019.05.31"]
[EventType "swiss"]
[EventCountry "ROU"]
[SourceTitle "playchess.com"]
[Source "ChessBase"]
[SourceQuality "1"]
[TimeControl "40/5400+30:1800+30"]

1. d4 {[%emt 0:00:00]} Nf6 {[%emt 0:00:00]} 2. c4 {[%emt 0:00:00]} e6 {[%emt 0:00:00]} 3. Nf3 {[%emt 0:00:00]} Bb4+ {[%emt 0:00:00]} 4. Bd2 {[%emt 0:00:00]} Be7 {[%emt 0:00:05]} 5. Nc3 {[%emt 0:00:20]} d5 {[%emt 0:00:11]} 6. e3 {[%emt 0:00:36]} O-O {[%emt 0:00:47]} 7. Be2 {[%emt 0:00:26]} Nbd7 {[%emt 0:01:16]} 8. O-O {[%emt 0:01:29]} c6 {[%emt 0:06:38]} 9. Qc2 {[%emt 0:03:44]} Qc7 {[%emt 0:04:19]} 10. e4 {[%emt 0:04:41]} e5 {[%emt 0:06:13]} 11. exd5 {[%emt 0:07:04]} cxd5 {[%emt 0:00:52]} 12. dxe5 {[%emt 0:07:19]} Nxe5 {[%emt 0:00:36]} 13. Nxe5 {[%emt 0:01:06]} Qxe5 {[%emt 0:00:09]} 14. cxd5 {[%emt 0:00:32]} Nxd5 {[%emt 0:01:26]} 15. Nxd5 {[%emt 0:03:45]} Qxd5 {[%emt 0:00:20]} 16. Bf3 {[%emt 0:00:47]} Qb5 {[%emt 0:05:10]} 17. Bc3 {[%emt 0:02:31]} Be6 {[%emt 0:05:59]} 18. Qe4 {[%emt 0:04:25]} Rab8 {[%emt 0:12:28]} 19. a4 {[%emt 0:07:33]} Qb6 {[%emt 0:08:46]} 20. Bd4 {[%emt 0:03:16]} Bc5 {[%emt 0:08:18]} 21. Bxc5 {[%emt 0:04:06]} Qxc5 {[%emt 0:00:07]} 22. b4 {[%emt 0:00:41]} Qg5 {[%emt 0:02:42]} 23. Rac1 {[%emt 0:05:03]} Bf5 {[%emt 0:06:40]} 24. Qd4 {[%emt 0:01:23]} b6 {[%emt 0:02:11]} 25. Rfd1 {[%emt 0:04:50]} Rfd8 {[%emt 0:04:39]} 26. Qe5 {[%emt 0:05:19]} Re8 {[%emt 0:04:31]} 27. Qb2 {[%emt 0:04:02]} Rbc8 {[%emt 0:06:49]} 28. g3 {[%emt 0:03:38]} Bg4 {[%emt 0:03:00]} 29. Bxg4 {[%emt 0:01:31]} Qxg4 {[%emt 0:00:10]} 30. Qd2 {[%emt 0:01:55]} h6 {[%emt 0:01:38]} 31. Rxc8 {[%emt 0:00:47]} Rxc8 {[%emt 0:00:43]} 32. Qd7 {[%emt 0:02:48]} Qxd7 {[%emt 0:04:46]} 33. Rxd7 {[%emt 0:00:07]} Rc4 {[%emt 0:00:06]} 34. Rxa7 {[%emt 0:00:25]} Rxb4 {[%emt 0:00:05]} 35. Kg2 {[%emt 0:01:25]} g6 {[%emt 0:01:11]} 36. h4 {[%emt 0:01:05]} Kg7 {[%emt 0:00:49]} 37. a5 {[%emt 0:01:53]} bxa5 {[%emt 0:00:26]} 38. Rxa5 {[%emt 0:00:05]} h5 {[%emt 0:01:58]} 39. Kf3 {[%emt 0:00:40]} Rc4 {[%emt 0:00:47]} 40. Ra6 {[%emt 0:00:00]} Rb4 {[%emt 0:00:00]} 41. Rc6 {[%emt 0:02:19]} 1/2-1/2

[Event "European School-ch 2019"]
[Site "Mamaia"]
[Date "2019.06.04"]
[Round "5.53"]
[White "Mikhailina, Elena"]
[Black "Obada, Ema"]
[Result "1/2-1/2"]
[WhiteElo "1699"]
[BlackElo "1889"]
[Annotator "NA RC"]
[PlyCount "86"]
[EventDate "2019.05.31"]
[EventType "swiss"]
[EventCountry "ROU"]
[SourceTitle "playchess.com"]
[Source "ChessBase"]
[SourceQuality "1"]
[TimeControl "40/5400+30:1800+30"]

1. e4 {[%emt 0:00:00]} c5 {[%emt 0:00:00]} 2. Ne2 {[%emt 0:00:00]} e6 {[%emt 0:00:35]} 3. d4 {[%emt 0:00:00]} cxd4 {[%emt 0:00:05]} 4. Nxd4 {[%emt 0:00:00]} a6 {[%emt 0:00:10]} 5. Nc3 {[%emt 0:00:00]} b5 {[%emt 0:00:10]} 6. Bd3 {[%emt 0:00:00]} Qb6 {[%emt 0:00:10]} 7. Nb3 {[%emt 0:00:24]} Qc7 {[%emt 0:00:08]} 8. O-O {[%emt 0:01:01]} Nc6 {[%emt 0:00:45] B43: Sicilian: Kan Variation: 5 Nc3} (8... Bb7 9. Qe2 Nf6 10. e5 Nd5 11. Nxd5 Bxd5 12. a4 b4 13. Re1 h6 14. Bf4 Be7 15. Rad1 Bc6 16. Nd4 Bb7 17. Nf5 {1-0 (51) Najer,E (2663)-Ponizil,C (2494) Czech Republic 2019}) 9. a4 {[%emt 0:06:40]} b4 {[%emt 0:01:06]} 10. Na2 $146 {[%emt 0:00:15]} ({Predecessor:} 10. Ne2 Nf6 11. f4 Be7 12. Kh1 a5 13. Ned4 Nxd4 14. Nxd4 Bb7 15. Qe2 g6 16. Bd2 {0-1 (36) Kiesel,H (2090)-Simantsev,M (2477) Lueneburg 2017}) 10... Nf6 {[%emt 0:00:42]} 11. Re1 {[%emt 0:10:35]} Bd6 {[%emt 0:14:44]} 12. h3 {[%emt 0:03:37]} O-O {[%emt 0:01:34]} 13. c3 {[%emt 0:02:48]} bxc3 {[%emt 0:10:40]} 14. Nxc3 {[%emt 0:00:41]} Rb8 {[%emt 0:03:04]} 15. Nd2 {[%emt 0:25:26]} Ne5 {[%emt 0:08:49]} 16. Bc2 {[%emt 0:05:34]} Bc5 {[%emt 0:06:03]} 17. Nf3 {[%emt 0:03:45]} d6 {[%emt 0:00:41]} 18. Nxe5 {[%emt 0:06:38]} dxe5 {[%emt 0:01:13]} 19. Rb1 {[%emt 0:00:18]} Bb7 {[%emt 0:13:49]} 20. Qf3 {[%emt 0:04:59]} Rfd8 {[%emt 0:03:01]} 21. Rd1 {[%emt 0:02:05]} Rxd1+ {[%emt 0:01:01]} 22. Qxd1 {[%emt 0:00:31]} Bd4 {[%emt 0:01:11]} 23. Qf3 {[%emt 0:01:48]} Ba8 {[%emt 0:01:48]} 24. Bd2 {[%emt 0:01:17]} Qc5 {[%emt 0:04:00]} 25. Be1 {[%emt 0:05:02]} Ne8 {[%emt 0:02:52]} 26. Qg4 {[%emt 0:05:09]} Nd6 {[%emt 0:00:37]} 27. Bd3 {[%emt 0:00:44]} Nc4 {[%emt 0:01:32]} 28. Qe2 {[%emt 0:01:28]} Nd6 {[%emt 0:02:15]} 29. Qg4 {[%emt 0:00:09]} h6 {[%emt 0:05:01]} 30. Kf1 {[%emt 0:02:05]} Bc6 {[%emt 0:00:44]} 31. Kg1 {[%emt 0:01:44]} Rb3 {[%emt 0:05:57]} 32. Bc2 {[%emt 0:01:51]} Rb8 {[%emt 0:01:42]} 33. Bd3 {[%emt 0:00:05]} Rb3 {[%emt 0:00:29]} 34. Bc2 {[%emt 0:00:04]} Rb4 {[%emt 0:01:03]} 35. Qe2 {[%emt 0:03:50]} Bxc3 {[%emt 0:00:46]} 36. Bxc3 {[%emt 0:00:31]} Rc4 {[%emt 0:00:35]} 37. Rd1 {[%emt 0:01:40]} Nxe4 {[%emt 0:02:42]} 38. Rd8+ {[%emt 0:02:47]} Kh7 {[%emt 0:00:07]} 39. b4 {[%emt 0:02:57]} Qb6 {[%emt 0:00:21]} 40. Qxc4 {[%emt 0:00:00]} Qxf2+ {[%emt 0:00:00]} 41. Kh2 {[%emt 0:05:42]} Qf4+ {[%emt 0:08:16]} 42. Kh1 $16 {[%emt 0:03:07]} Qc1+ {[%emt 0:00:29]} 43. Kh2 {[%emt 0:00:06]} Qf4+ {[%emt 0:00:08]} 1/2-1/2

[Event "European School-ch 2019"]
[Site "Mamaia"]
[Date "2019.06.04"]
[Round "5.54"]
[White "Ruzic, Pia Marie"]
[Black "Zyapaeva, Polina"]
[Result "1/2-1/2"]
[WhiteElo "1917"]
[BlackElo "1806"]
[Annotator "NA RC"]
[PlyCount "56"]
[EventDate "2019.05.31"]
[EventType "swiss"]
[EventCountry "ROU"]
[SourceTitle "playchess.com"]
[Source "ChessBase"]
[SourceQuality "1"]
[TimeControl "40/5400+30:1800+30"]

1. c4 {[%emt 0:00:00]} c5 {[%emt 0:00:00]} 2. Nc3 {[%emt 0:00:00]} Nc6 {[%emt 0:00:00]} 3. Nf3 {[%emt 0:00:00]} a6 {[%emt 0:04:11]} 4. g3 {[%emt 0:00:00]} g6 {[%emt 0:02:39]} 5. Bg2 {[%emt 0:00:56]} Bg7 {[%emt 0:00:09]} 6. O-O {[%emt 0:00:13]} e5 {[%emt 0:01:27]} 7. d3 {[%emt 0:02:59]} Nge7 {[%emt 0:02:00]} 8. Ne4 {[%emt 0:03:50]} d6 {[%emt 0:00:12]} 9. Bg5 {[%emt 0:00:13]} f5 {[%emt 0:07:25]} 10. Nf6+ {[%emt 0:02:12]} Kf7 {[%emt 0:01:32]} 11. Nd5 {[%emt 0:02:56]} h6 {[%emt 0:01:51]} 12. Bxe7 {[%emt 0:00:21]} Nxe7 {[%emt 0:00:10]} 13. Ne1 {[%emt 0:00:19]} Rf8 {[%emt 0:04:59]} 14. Nxe7 {[%emt 0:00:43]} Qxe7 {[%emt 0:00:10]} 15. Nc2 {[%emt 0:00:07]} Kg8 {[%emt 0:04:04]} 16. Ne3 {[%emt 0:00:14]} Rb8 {[%emt 0:03:56]} 17. Nd5 {[%emt 0:05:18]} Qd8 {[%emt 0:00:10]} 18. a4 {[%emt 0:09:18]} b6 {[%emt 0:01:05]} 19. Qd2 {[%emt 0:00:45]} Kh7 {[%emt 0:05:52]} 20. Rab1 {[%emt 0:12:29]} Bd7 {[%emt 0:02:42]} 21. b3 {[%emt 0:03:42]} a5 {[%emt 0:05:38]} 22. Rbe1 {[%emt 0:01:34]} Be6 {[%emt 0:05:32]} 23. Nc3 {[%emt 0:00:10]} f4 {[%emt 0:01:51]} 24. Bd5 {[%emt 0:01:45]} Bh3 {[%emt 0:02:16]} 25. Bg2 {[%emt 0:00:08]} Be6 {[%emt 0:03:36]} 26. Bd5 {[%emt 0:04:06]} Bh3 {[%emt 0:01:46]} 27. Bg2 {[%emt 0:00:08]} Be6 {[%emt 0:00:17]} 28. Bd5 {[%emt 0:00:24]} Bh3 {[%emt 0:02:37]} 1/2-1/2

[Event "European School-ch 2019"]
[Site "Mamaia"]
[Date "2019.06.04"]
[Round "5.55"]
[White "Vorobyova, Ekaterina"]
[Black "Bubeeva, Larisa"]
[Result "1-0"]
[WhiteElo "1795"]
[BlackElo "1548"]
[Annotator "NA RC"]
[PlyCount "83"]
[EventDate "2019.05.31"]
[EventType "swiss"]
[EventCountry "ROU"]
[SourceTitle "playchess.com"]
[Source "ChessBase"]
[SourceQuality "1"]
[TimeControl "40/5400+30:1800+30"]

1. d4 {[%emt 0:00:00]} Nf6 {[%emt 0:00:00]} 2. c4 {[%emt 0:00:00]} e6 {[%emt 0:00:00]} 3. Nc3 {[%emt 0:00:00]} d5 {[%emt 0:00:00]} 4. cxd5 {[%emt 0:00:11]} exd5 {[%emt 0:00:10]} 5. Bg5 {[%emt 0:00:09]} Be7 {[%emt 0:00:56]} 6. Qc2 {[%emt 0:00:24]} Be6 {[%emt 0:06:05]} 7. e3 {[%emt 0:00:40]} Nbd7 {[%emt 0:00:57]} 8. Bd3 {[%emt 0:00:38]} h6 {[%emt 0:00:59]} 9. Bh4 {[%emt 0:01:48]} a6 {[%emt 0:03:48]} 10. Nge2 {[%emt 0:01:36]} O-O {[%emt 0:10:37]} 11. O-O {[%emt 0:00:54]} Nb6 {[%emt 0:11:11]} 12. Rad1 {[%emt 0:05:21]} Rc8 {[%emt 0:06:00]} 13. Nf4 {[%emt 0:08:24]} c5 {[%emt 0:05:00]} 14. dxc5 {[%emt 0:06:45]} Rxc5 {[%emt 0:04:20]} 15. Qe2 {[%emt 0:08:02]} Qd6 {[%emt 0:09:45]} 16. Bb1 {[%emt 0:04:13]} g6 {[%emt 0:00:00]} 17. Bxf6 {[%emt 0:01:35]} Bxf6 {[%emt 0:07:16]} 18. Ne4 {[%emt 0:00:18]} Qe7 {[%emt 0:04:34]} 19. Nxc5 {[%emt 0:00:27]} Qxc5 {[%emt 0:00:09]} 20. Nxe6 {[%emt 0:00:38]} fxe6 {[%emt 0:00:05]} 21. Qd3 {[%emt 0:01:28]} Bg7 {[%emt 0:02:44]} 22. Qxg6 {[%emt 0:00:25]} Rf6 {[%emt 0:00:35]} 23. Qe8+ {[%emt 0:01:07]} Qf8 {[%emt 0:00:06]} 24. Qxf8+ {[%emt 0:00:18]} Rxf8 {[%emt 0:00:09]} 25. b3 {[%emt 0:00:05]} Nd7 {[%emt 0:01:55]} 26. Rc1 {[%emt 0:00:24]} b6 {[%emt 0:02:00]} 27. Rc7 {[%emt 0:00:32]} Rd8 {[%emt 0:00:42]} 28. Rfc1 {[%emt 0:00:24]} a5 {[%emt 0:00:51]} 29. Rc8 {[%emt 0:00:22]} Rxc8 {[%emt 0:00:12]} 30. Rxc8+ {[%emt 0:00:05]} Kf7 {[%emt 0:00:16]} 31. Bd3 {[%emt 0:00:39]} Nc5 {[%emt 0:00:53]} 32. Bb5 {[%emt 0:01:35]} d4 {[%emt 0:00:44]} 33. Rc7+ {[%emt 0:02:45]} Kf8 {[%emt 0:00:40]} 34. exd4 {[%emt 0:00:37]} Bxd4 {[%emt 0:00:36]} 35. Kf1 {[%emt 0:01:15]} Ne4 {[%emt 0:07:48]} 36. f3 {[%emt 0:00:15]} Nd6 {[%emt 0:02:41]} 37. Bd3 {[%emt 0:02:47]} b5 {[%emt 0:03:48]} 38. Rd7 {[%emt 0:00:52]} Bc5 {[%emt 0:00:06]} 39. Ke2 {[%emt 0:01:57]} b4 {[%emt 0:00:56]} 40. g4 {[%emt 0:00:00]} Nf7 {[%emt 0:00:00]} 41. f4 {[%emt 0:02:05]} e5 {[%emt 0:01:42]} 42. Bc4 {[%emt 0:00:21]} 1-0

[Event "European School-ch 2019"]
[Site "Mamaia"]
[Date "2019.06.05"]
[Round "6.1"]
[White "Gayun, Dmytro"]
[Black "Schitco, Ivan"]
[Result "1/2-1/2"]
[WhiteElo "2271"]
[BlackElo "2458"]
[Annotator "TA"]
[PlyCount "125"]
[EventDate "2019.05.31"]
[EventType "swiss"]
[EventCountry "ROU"]
[SourceTitle "playchess.com"]
[Source "ChessBase"]
[SourceQuality "1"]

{[%evp 18,125,45,49,53,50,39,39,57,36,46,43,41,42,47,44,42,24,37,38,37,0,65,45,37,0,68,59,121,118,151,153,148,153,155,167,147,45,50,49,49,58,60,77,131,64,71,13,93,22,31,21,15,-39,2,0,34,34,133,98,105,89,180,179,187,181,199,184,154,71,71,71,71,71,29972,29973,29973,29973,29974,29975,29976,29975,29975,29975,29970,0,0,0,29970,29969,12817,0,0,0,0,0,0,0,0,0,0,0,266,0,0,0,0,0,0,0]} 1. d4 Nf6 2. c4 c5 3. d5 e6 4. Nc3 exd5 5. cxd5 d6 6. e4 g6 7. Nf3 Bg7 8. h3 O-O 9. Bd3 Re8 10. O-O Nbd7 {A70: Modern Benoni: 6 e4 g6 7 Nf3} (10... Na6 11. Re1 Nc7 12. Bf4 a6 13. a4 Rb8 14. Bh2 Bf8 15. e5 Nfxd5 16. Nxd5 Nxd5 17. Bc4 Nb6 18. Ba2 d5 19. a5 Nc4 {0-1 (39) Wang,Y (2690)-Jobava,B (2690) Riadh 2017}) 11. Re1 Ne5 12. Nxe5 Rxe5 {White is slightly better.} 13. f4 Re8 14. Qf3 $146 ({Predecessor:} 14. Bf1 a6 15. a4 Bd7 16. Rb1 Bc8 17. Qf3 Nd7 18. Bd2 {1-0 (69) Titgemeyer,E (2075)-Buckels,V (1669) playchess.com INT 2011}) 14... a6 15. a4 Rb8 16. Be3 Nd7 17. Bf2 Qb6 18. Re2 Qb4 19. Rc2 (19. Ra3 {is more complex.} Qa5 20. Kh2 Qd8 21. a5 b5 22. axb6 Rxb6 23. Be1) 19... Bd4 (19... b5 $11) 20. Kh2 Bxf2 21. Qxf2 Qd4 (21... c4 $1 $11 22. Be2 Qc5) 22. Qf1 $14 Nf6 (22... Nb6 $14) 23. Rd1 $1 $16 {And now Bc4 would win.} Bg4 24. Be2 ({Don't play} 24. hxg4 Nxg4+ 25. Kg3 Ne3 $14) 24... Bxe2 25. Rxe2 Qc4 {[%cal Rf6e4]} 26. e5 $1 {[%cal Re5f6]} Nh5 27. Re4 ({Not} 27. exd6 Rxe2 28. Nxe2 Qxa4 $15) (27. Ne4 $1 $16) 27... Qxf1 $14 28. Rxf1 b5 29. axb5 axb5 30. g4 Ng7 (30... f5 $142) 31. exd6 (31. Ree1 $1 $16) 31... Red8 32. b4 (32. Re7 $16 {Black must now prevent Ne4.} f5 33. gxf5 Nxf5 34. Ne4) 32... c4 (32... f5 $11 {keeps the balance.}) 33. Rfe1 ({White should play} 33. Re7 $16) 33... Ne8 $11 34. Re7 Nxd6 35. Rc7 (35. Ra7 $11) 35... Kf8 (35... Ra8 $5 {[%cal Ra8a3]}) 36. Kg2 Re8 37. Rxe8+ Kxe8 $14 {[%mdl 4096] Endgame KRN-KRN} (37... Rxe8 $14 38. Kf3 Re1) 38. Ra7 $16 Nc8 39. Ra5 Nd6 (39... f5 $16) 40. Kf3 $18 Rb7 41. Ke3 Kd7 42. Ra6 f5 43. g5 (43. Kd4 $142) 43... Ne4 $16 44. Nxe4 fxe4 {KR-KR} 45. Rc6 $1 ({Of course not} 45. Kxe4 Rc7 $11) 45... Rc7 $2 {[%mdl 8192]} (45... Rb8 $16) 46. Rxc7+ Kxc7 47. Kxe4 {KP-KP} Kd7 48. h4 Ke7 49. Ke3 Kd6 50. Kd4 Ke7 51. Ke4 Kd6 {intending ...c3.} 52. Kd4 Ke7 $1 53. f5 $1 gxf5 {[#]} 54. h5 $2 (54. Ke3 $1 $18 Kd6 55. h5 Kxd5 56. g6 f4+ 57. Kxf4 hxg6 58. h6) 54... f4 $1 $11 {[%cal Rf4f3] Threatens to win with ...f3.} 55. g6 hxg6 56. h6 {White threatens h7 and mate.} f3 $1 {[%cal Rf3f2]} 57. h7 f2 58. h8=Q {Intending Qg7+ and mate.} f1=Q {( -> ...Qa1+)} 59. Qe5+ Kf7 $2 {[%mdl 8192] [#]} (59... Kf8 $11 {and Black is okay.} 60. Kc5 Qf5 61. Qb8+ Ke7) 60. Qe6+ $2 (60. Qc7+ $1 $18 Ke8 61. d6 Qf6+ 62. Kd5 Qf7+ 63. Kc6) 60... Kg7 $1 {The position is equal.} 61. Qd7+ Qf7 62. Qxb5 Qf4+ 63. Kc3 $1 {Accuracy: White = 62%, Black = 54%.} 1/2-1/2

[Event "European School-ch 2019"]
[Site "Mamaia"]
[Date "2019.06.05"]
[Round "6.2"]
[White "Stoleriu, George"]
[Black "Celik, Eylul"]
[Result "1-0"]
[WhiteElo "2372"]
[BlackElo "1841"]
[Annotator "TA"]
[PlyCount "75"]
[EventDate "2019.05.31"]
[EventType "swiss"]
[EventCountry "ROU"]
[SourceTitle "playchess.com"]
[Source "ChessBase"]
[SourceQuality "1"]

{[%evp 13,95,4,22,0,0,0,0,-15,12,15,30,9,26,27,97,96,96,95,99,108,102,68,70,79,81,62,62,63,58,58,90,63,63,55,56,47,135,135,168,173,232,227,227,227,325,325,322,322,321,316,302,268,306,231,1760,1712,1731,1727,1712,1714,1669,1666,1666,1618,1473,1100,1718,1534,29972,29972,29977,29978,29978,29979,29979,29979,29978,29979,29977,29977,29984,29985,29985,29985]} 1. e4 e6 2. d4 d5 3. Nc3 Bb4 4. exd5 exd5 5. Bd3 Nc6 6. a3 Bxc3+ 7. bxc3 Nf6 8. Bg5 {C01: French: Exchange Variation} O-O 9. Ne2 Re8 10. f3 {The position is equal.} Qd6 11. O-O Na5 12. Qd2 $146 ({Predecessor:} 12. Qe1 h6 13. Bc1 Nc4 14. Qf2 Bd7 15. g4 Nh7 16. Qg3 Qxg3+ 17. Nxg3 b6 {½-½ (69) Maze,S (2565)-Maier,C (2369) Germany 2015}) 12... Nc4 13. Qf4 Qxf4 (13... Re6 $11 {keeps the balance.}) 14. Nxf4 $16 {And now Bxf6 would win.} c6 15. Bxf6 gxf6 16. Nh5 Re6 17. Rfe1 f5 $1 18. Bxc4 $40 {[%mdl 128] White has strong attack.} dxc4 19. Nf4 (19. a4 {looks sharper.} Kf8 20. a5 Rxe1+ 21. Rxe1 Be6 22. Kf2) 19... Rxe1+ 20. Rxe1 $14 {[%mdl 4096] Endgame KRB-KRN} Kf8 21. Kf2 f6 22. h4 Bd7 23. Rh1 Kf7 24. Rh3 c5 ({Better is} 24... Rg8 $14) 25. Rg3 $1 $16 ({Don't play} 25. dxc5 Rc8 $14) 25... Ba4 26. dxc5 h5 (26... Re8 $142 27. Nh5 Re7) 27. Nxh5 $18 {aiming for Rg7+.} Rh8 {[#]} 28. Nf4 $1 Rxh4 {[#]} (28... Bxc2 $142 29. h5 Bd3) 29. Rh3 $1 {[%cal Rh3h4]} Rxh3 30. gxh3 Bxc2 {KB-KN} 31. Ke3 Ba4 32. Ne2 Ke6 33. h4 Ke5 $2 (33... Be8 34. Kf4 Bg6 35. Nd4+ Kd5 36. Nxf5 Kxc5) 34. Nf4 Be8 35. h5 Bf7 36. h6 {Intending h7 and mate.} Bg8 37. Ng6+ Ke6 {[#]} 38. Nf8+ {Played: h6-h7} 1-0

[Event "European School-ch 2019"]
[Site "Mamaia"]
[Date "2019.06.05"]
[Round "6.3"]
[White "Paraschiv, Paul-Alexandru"]
[Black "Mammadov, Sadig"]
[Result "0-1"]
[WhiteElo "2055"]
[BlackElo "2208"]
[Annotator "TA"]
[PlyCount "68"]
[EventDate "2019.05.31"]
[EventType "swiss"]
[EventCountry "ROU"]
[SourceTitle "playchess.com"]
[Source "ChessBase"]
[SourceQuality "1"]

{[%evp 15,68,63,59,47,64,59,65,52,63,40,72,68,89,73,142,139,127,122,126,0,0,0,0,0,0,-38,-34,-39,-22,-233,-221,-220,-225,-285,-280,-369,-374,-454,-450,-439,-387,-414,-420,-553,-569,-673,-672,-664,-645,-1043,-1034,-1010,-1003,-960,-933]} 1. d4 Nf6 2. Bg5 Ne4 3. Bf4 c5 4. d5 d6 5. f3 Qa5+ 6. c3 Nf6 7. e4 g6 8. Nd2 Bg7 9. Nc4 {A45: Trompowsky Attack} (9. Bd3 Nbd7 10. Nc4 Qc7 11. a4 O-O 12. Ne2 {½-½ (12) Adly,A (2625)-Romanov,E (2626) Tegernsee 2017}) 9... Qd8 10. a4 O-O 11. Bd3 {White is slightly better.} Nbd7 {[%cal Bb8d7,Bd7f8,Bf8g6][%mdl 32]} 12. Qd2 Re8 13. Ne2 b6 14. Bh6 Bh8 ({Black should play} 14... Ba6) 15. h4 $146 ({Predecessor:} 15. Ng3 Ne5 16. Nxe5 dxe5 {1-0 (39) Vancini,E (2308)-Burlando,A Palermo 2007}) 15... Nf8 16. g4 e6 17. dxe6 ({Better is} 17. h5 $16) 17... Bxe6 $11 18. h5 d5 19. exd5 Qxd5 20. hxg6 Nxg6 21. O-O-O Rad8 22. g5 $2 (22. Bc2 $1 $11 {and White stays safe.}) 22... Qxd3 $1 $19 {[%mdl 64] Remove Defender} 23. Qxd3 Rxd3 24. Rxd3 {Nd6 is the strong threat.} Bxc4 25. Rd6 Nd5 {Threatens to win with ...Be5.} ({Worse is} 25... Rxe2 26. gxf6 Re8 27. Rhd1 $16) 26. Ng3 Be5 {[%mdl 64] Double Attack} 27. Re1 Nc7 28. Nh5 {Strongly threatening Rxe5!} Bf4+ {[%mdl 64] Discovered Attack} ({Weaker is} 28... Bxd6 29. Nf6+ Kh8 30. Nxe8 $19) 29. Kc2 Rxe1 {[%csl Gf4][%cal Re1c1] Black is clearly winning.} 30. Nf6+ Kh8 {[%csl Gf4][%cal Re1c1]} 31. Rd8+ {[#]} Ne8 $1 {[%csl Gf4][%cal Re1c1]} 32. Bg7+ (32. Rxe8+ Rxe8) 32... Kxg7 {[%csl Gf4][%cal Re1c1]} 33. Nxe8+ {[#]} Rxe8 $1 34. Rxe8 Bd5 {Accuracy: White = 53%, Black = 58%.} 0-1